Construcción naval y mécanica del buque / (Record no. 149987)
[ view plain ]
| 000 -LEADER | |
|---|---|
| campo de control de longitud fija | 00589nam a2200181 i 4500 |
| 001 - NÚMERO DE CONTROL | |
| campo de control | 149987 |
| 003 - IDENTIFICADOR DE NÚMERO DE CONTROL | |
| campo de control | ES-MaACL |
| 005 - FECHA Y HORA DE LA ÚLTIMA TRANSACCIÓN | |
| campo de control | 20230906203333.0 |
| 007 - CAMPO FIJO DE DESCRIPCIÓN FÍSICA--INFORMACIÓN GENERAL | |
| campo de control de longitud fija | t| |
| 008 - DATOS DE LONGITUD FIJA--INFORMACIÓN GENERAL | |
| campo de control de longitud fija | 071025s1960 sp ||||1| spa d |
| 100 1# - ENTRADA PRINCIPAL--NOMBRE DE PERSONA | |
| Nombre de persona | Valle Collantes, Francisco. |
| 9 (RLIN) | 112785 |
| 245 10 - MENCIÓN DEL TÍTULO | |
| Título | Construcción naval y mécanica del buque / |
| Mención de responsabilidad, etc. | con una selección de problemas por Francisco Valle Collantes. |
| 250 ## - MENCION DE EDICION | |
| Mención de edición | 2ª ed. y ampl. |
| 260 ## - PUBLICACIÓN, DISTRIBUCIÓN, ETC. | |
| Lugar de publicación, distribución, etc. | La Coruña : |
| Nombre del editor, distribuidor, etc. | [s.n.], |
| Fecha de publicación, distribución, etc. | 1960 ( |
| Fabricante | Gráf. Galaico) |
| 300 ## - DESCRIPCIÓN FÍSICA | |
| Extensión | 672 p. ; |
| Dimensiones | 25 cm. |
| 650 ## - PUNTO DE ACCESO ADICIONAL DE MATERIA--TÉRMINO DE MATERIA | |
| Término de materia o nombre geográfico como elemento de entrada | Construcción naval. |
| 9 (RLIN) | 136271 |
| 852 ## - LOCALIZACIÓN | |
| Ubicación | ES-MaACL |
| Número de control de estantería | E-158 |
| Sublocalización o colección | R.48236 |
| Estatus retirado | Estado de pérdida | Estado de daño | No para préstamo | Biblioteca de origen | Biblioteca actual | Ubicación en estantería | Fecha de adquisición | Fuente de adquisición | Total de préstamos | Signatura topográfica completa | Código de barras | Visto por última vez | Precio de reemplazo | Tipo de ítem Koha |
|---|---|---|---|---|---|---|---|---|---|---|---|---|---|---|
| Biblioteca del Ateneo de Madrid | Biblioteca del Ateneo de Madrid | Depósito 2 | 17/01/2008 | E-158 | 1156510 | 23/02/2023 | 23/02/2023 | Libro impreso |
